Statistiche per Imperatori romani

Clicka qui per fare il quiz!

Statistiche generali

  • Questo quiz è stato fatto 2.469 volte
    (2.462 dall'ultimo reset)
  • Il punteggio medio è 37 su 77

Statistiche sulle risposte

PeriodoImperatore% Corretto
27 a.C./ 14 d.C.Augusto
98%
54 d.C./ 68 d.C.Nerone
96%
37 d.C./ 41 d.C.Caligola
89%
41 d.C./ 54 d.C.Claudio
84%
14 d.C./ 37 d.C.Tiberio
84%
69 d.C./ 79 d.C.Vespasiano
83%
161 d.C./ 180 d.C.Marco Aurelio
82%
79 d.C./ 81 d.C.Tito
81%
98 d.C./ 117 d.C.Traiano
81%
117 d.C./ 138 d.C.Adriano
79%
306 d.C./ 337 d.C.Costantino I
79%
337 d.C./ 340 d.C.Costantino II
79%
81 d.C./ 96 d.C.Domiziano
76%
284 d.C./ 305 d.C.Diocleziano
72%
475 d.C./ 476 d.C.Romolo Augustolo
72%
180 d.C./ 192 d.C.Commodo
71%
211 d.C./ 217 d.C.Caracalla
67%
138 d.C./ 161 d.C.Antonino Pio
66%
96 d.C./ 98 d.C.Nerva
66%
68 d.C./ 69 d.C.Galba
65%
193 d.C./ 211 d.C.Settimio Severo
63%
69 d.C./ 69 d.C.Vitellio
61%
69 d.C./ 69 d.C.Otone
60%
222 d.C./ 235 d.C.Alessandro Severo
56%
379 d.C./ 395 d.C.Teodosio
54%
193 d.C./ 193 d.C.Didio Giuliano
53%
270 d.C./ 275 d.C.Aureliano
52%
218 d.C./ 222 d.C.Eliogabalo
51%
161 d.C./ 169 d.C.Lucio Vero
51%
337 d.C./ 361 d.C.Costanzo II
50%
361 d.C./ 363 d.C.Giuliano
48%
235 d.C./ 238 d.C.Massimino il Trace
46%
364 d.C./ 375 d.C.Valentiniano I
45%
375 d.C./ 392 d.C.Valentiniano II
45%
425 d.C./ 455 d.C.Valentiniano III
45%
306 d.C./ 312 d.C.Massenzio
44%
193 d.C./ 193 d.C.Pertinace
44%
337 d.C./ 350 d.C.Costante
43%
211 d.C./ 212 d.C.Geta
43%
253 d.C./ 260 d.C.Valeriano
43%
286 d.C./ 305 d.C.Massimiano
42%
305 d.C./ 306 d.C.Costanzo Cloro
41%
244 d.C./ 249 d.C.Filippo l'arabo
41%
395 d.C./ 423 d.C.Onorio
40%
364 d.C./ 378 d.C.Valente
40%
217 d.C./ 218 d.C.Macrino
39%
249 d.C./ 251 d.C.Decio
38%
306 d.C./ 307 d.C.Flavio Severo
36%
305 d.C./ 311 d.C.Galerio
35%
238 d.C./ 238 d.C.Gordiano I
34%
238 d.C./ 238 d.C.Gordiano II
34%
238 d.C./ 244 d.C.Gordiano III
34%
461 d.C./ 465 d.C.Libio Severo
34%
455 d.C./ 455 d.C.Petronio Massimo
34%
253 d.C./ 268 d.C.Gallieno
33%
474 d.C./ 475 d.C.Giulio Nepote
32%
308 d.C./ 324 d.C.Licinio
32%
275 d.C./ 276 d.C.Tacito
32%
283 d.C./ 285 d.C.Carino
31%
282 d.C./ 283 d.C.Caro
31%
268 d.C./ 270 d.C.Claudio il Gotico
30%
238 d.C./ 238 d.C.Pupieno
30%
238 d.C./ 238 d.C.Balbino
29%
375 d.C./ 383 d.C.Graziano
29%
276 d.C./ 282 d.C.Probo
29%
253 d.C./ 253 d.C.Emiliano
28%
283 d.C./ 284 d.C.Numeriano
27%
251 d.C./ 253 d.C.Treboniano Gallo
27%
311 d.C./ 313 d.C.Massimino Daia
26%
457 d.C./ 461 d.C.Maggioriano
24%
276 d.C./ 276 d.C.Floriano
23%
473 d.C./ 474 d.C.Glicerio
23%
467 d.C./ 472 d.C.Antemio
21%
363 d.C./ 364 d.C.Gioviano
21%
472 d.C./ 472 d.C.Olibrio
21%
270 d.C./ 270 d.C.Quintillo
21%
455 d.C./ 456 d.C.Avito
20%

Distribuzione punteggi

Percentile per numero di risposta

Percentuale di utenti per punteggio

I tuoi punteggi nel tempo

Non hai fatto questo quiz dall'ultimo reset